000 01526nam0a22003371 4500
001 rc\3446829
005 20250610005051.0
021 _aRU
_b[73-96209]
035 _a(NLR Aleph) 007593016
090 _a5632373
_c5632373
100 _a20130115d1973 |||y0rusy50 ca
101 0 _arus
102 _aRU
105 _aa z |||||
200 1 _aВариационно-разностный метод решения некоторых интегральных и интегродифференциальных уравнений трехмерных задач теории упругости
210 _aМосква
_cБ. и.
_d1973
215 _a55 с.
_cчерт.
_d20
225 1 _aИнститут проблем механики АН СССР. Препринт
_v№ 33
300 _aПеред загл. авт.: Р.В. Гольдштейн, И.С. Клейн, Г.И. Эскин
320 _aСписок лит.: с. 45-46 (23 назв.)
606 _aУпругость, теория
_jТрехмерные задачи
_2psbo
606 _aИнтегральные уравнения
_xРешение
_2psbo
606 _aИнтегро-дифференциальные уравнения
_xРешение
_2psbo
700 1 _aГольдштейн
_bР.В.
_gРоберт Вениаминович
701 1 _aКлейн
_bИ.С.
701 1 _aЭскин
_bГ.И.
_gГригорий Ильич
801 0 _aRU
_bNLR
_gpsbo
801 1 _aRU
_bELAR
_2rusmarc
852 _aNLR
_j73-4/43992
942 _cBOOK
980 _aNB